Chess: don't get captured #5 - Sudden Death - Statistics

General Stats
  • This quiz has been taken 257 times
  • The average score is 16 of 26
Answers on the Grid
Answers color-coded by a green-red scale on the quiz's grid according to % correct below.
a8
b8
g8
h8
a7
b7
c7
d7
e7
f7
g7
h7
a6
c6
d6
e6
f6
h6
a5
b5
c5
d5
e5
f5
g5
h5
a4
b4
c4
f4
g4
h4
a3
b3
c3
f3
g3
h3
a2
b2
c2
d2
e2
f2
g2
h2
a1
b1
c1
d1
e1
f1
g1
h1
 
Answer Stats
Answer % Correct
d1
72%
e1
72%
e2
71%
d2
71%
c1
70%
b1
69%
f1
68%
g1
68%
c2
67%
f2
67%
g8
64%
b8
64%
h7
61%
a7
61%
h2
60%
f7
58%
f4
58%
b5
57%
g3
57%
g5
57%
a2
56%
b3
56%
c4
55%
c7
55%
a4
51%
h4
51%
No matching quizzes found
Score Distribution
Percent of People with Each Score
Percentile by Number Answered
Your Score History
You have not taken this quiz